Video Games That Start With E - Statistics

General Stats
  • This quiz has been taken 93 times
  • The average score is 5 of 12
Answer Stats
Hint Game % Correct
Shout like a dragon and complete tons of side-quests in this open world RPG. The Elder Scrolls V: Skyrim
85%
Regular earthworm finds a super suit and gains human-like powers. Earthworm Jim
82%
Dolphin travels through time to combat hostile aliens in Earth's oceans and on an alien spacecraft. Ecco the Dolphin
68%
Psychic young boy and friends set on a journey to stop an evil alien force from taking over the world. EarthBound
55%
Cartoon mouse accidentally damages a world of forgotten characters, and is forced to fix it using a magic paintbrush. Epic Mickey
47%
Santa Claus gets revenge on his rebellious elves by knocking them down like bowling pins. Elf Bowling
41%
Race your motorbike against other motorbikes or make your own courses and race on those. Excitebike
41%
Before World of Warcraft, this "everlasting" quest was the MMORPG to play. EverQuest
36%
Discover the details behind your grandfather's mysterious murder by visiting his mansion, all the while making sure you don't lose your sanity. Eternal Darkness: Sanity's Requiem
18%
Interact with animated plankton to create music. Electroplankton
15%
A government agency helps people in need by sending agents who dance to get them to face their obstacles. Elite Beat Agents
15%
Use your Wii remote to search for underwater treasure as a scuba diver. Endless Ocean
10%
No matching quizzes found
Score Distribution
Percent of People with Each Score
Percentile by Number Answered
Your Score History
You have not taken this quiz